| 000 | 00511 a2200169 4500 | ||
|---|---|---|---|
| 999 |
_c5271 _d5271 |
||
| 010 | _aENG-86802 | ||
| 020 |
_c495.00 _a8131301788 |
||
| 035 | _aEN-70335 | ||
| 037 | _bDBAD / PUB | ||
| 082 | 0 | 0 | _a371.1024 |
| 100 | _aMishra, R.C. | ||
| 245 | 1 | 0 |
_aClassroom management / _cby R.C. Mishra |
| 260 |
_aNew Delhi _bA P H Publishing _c2007 |
||
| 270 |
_a5, Ansari Road, Darya Ganj _bNew Delhi _maphbooks@vsnl.net _e110 002 |
||
| 300 |
_aviii, 242p _c21 cm (Hb) |
||
| 942 |
_adpl _cEN _2ddc _h371.1024 _mMIS |
||